000 00238nam a2200085Ia 4500
008 120527s9999 xx 000 0 und d
100 _aGIFFORD, R.C
245 _aAgricultural engineering mechanization strategy formulation vol.1
942 _cBK
999 _c25125
_d25125